000 00583cam a2200205 4500500
005 20260405000555.0
041 _afre
042 _adc
100 1 0 _aArtières, Philippe
_eauthor
245 0 0 _aDes pavés dans les idées
260 _c2008.
500 _a36
690 _aJeunesse
690 _aMai 68
690 _aPensée
690 _aRévolution
690 _aTournant
786 0 _nPhilosophie magazine | 18 | 4 | 2008-04-01 | p. 25-26 | 1951-1787
856 4 1 _uhttps://shs.cairn.info/magazine-philosophie-magazine-2008-4-page-25?lang=fr&redirect-ssocas=7080
999 _c2038553
_d2038553